Top 50 Most Subscribed YouTube Channels : Improved Version - Statistics

General Stats
  • This quiz has been taken 51 times
    31 since last reset
  • The average score is 18 of 50
Answer Stats
Subs Country YouTube Channel % Correct
96.4M USA MrBeast
91%
111M Sweden PewDiePie
86%
217M India T-Series
86%
136M USA Cocomelon
64%
134M India SET India
64%
69.1M Canada Justin Bieber
55%
74.6M South Korea BLACKPINK
50%
95.9M Russia Like Nastya
50%
88.7M USA WWE
50%
65.7M Brazil Canal KondZilla
45%
57.6M USA Dude Perfect
45%
95.9M Ukraine Kids Diana Show
45%
76.9M Cyprus 5-Minute Crafts
41%
66.8M South Korea BANGTANTV
41%
65.7M South Korea HYBE LABELS
41%
67.9M India Sony SAB
41%
82.6M Russia Vlad and Niki
41%
52.1M USA EminemMusic
36%
51.2M India Sony Music India
36%
41.9M USA SonyMusicIndiaVEVO
36%
46.5M USA Taylor Swift
36%
51.4M USA Ariana Grande
32%
43.3M Chile HolaSoyGerman
32%
42.9M USA Katy Perry
32%
42.9M Brazil Você Sabia?
32%
84.4M India Zee Music Company
32%
62.4M India Zee TV
32%
45.5M Mexico Badabun
27%
45.7M USA Billie Eilish
27%
43.6M Cyprus BRIGHT SIDE
27%
56.6M India ChuChu TV
27%
51.9M UK Ed Sheeran
27%
44.1M Brazil Felipe Neto
27%
45M El Salvador Fernanfloo
27%
45.7M Chile JuegaGerman
27%
55.3M USA Marshmello
27%
58.1M South Korea Pinkfong
27%
43.8M Brazil whinderssonnunes
27%
51.7M India Aaj Tak
23%
50.3M Argentina El Reino Infantil
23%
70.8M India Goldmines
23%
57.1M USA Movieclips
23%
51.4M India Tips Official
23%
50.9M India T-Series Bhakti Sagar
23%
53.2M India Colors TV
18%
43.9M India Infobells - Hindi
18%
49.3M USA LooLoo Kids
18%
60.3M India Shemaroo Filmi Gaane
18%
52.4M India Wave Music
18%
46.3M India YRF
18%
No matching quizzes found
Score Distribution
Percent of People with Each Score
Percentile by Number Answered
Your Score History
You have not taken this quiz since the last reset